[Event "Bayern-chTT (LL Sued)"]
[Site "Bayern 2008/09"]
[Date "2009.03.29"]
[Round "9.2"]
[White "Schmitz, Thorsten(74)"]
[Black "Gerstner, Bernhard"]
[Result "1/2-1/2"]
[WhiteElo "2265"]
[BlackElo "2136"]
[PlyCount "47"]
[EventDate "2009.03.??"]
[EventType "team-tourn"]
[EventRounds "9"]
[WhiteTeam "Garching 1"]
[BlackTeam "Ingolstadt 1"]

1. e4 e5 2. Nf3 Nc6 3. d4 exd4 4. c3 d5 5. exd5 Qxd5 6. cxd4 Bg4 7. Be2 Bb4+ 8.
Nc3 Bxf3 9. Bxf3 Qc4 10. Qb3 Qxb3 11. axb3 Nxd4 12. Bxb7 Nc2+ 13. Ke2 Nxa1 14.
Bxa8 Ne7 15. Nd5 Bd6 16. Be3 Nxb3 17. Bxa7 Kd7 18. Bb7 Nc6 19. Be3 Rb8 20.
Bxc6+ Kxc6 21. Nc3 f5 22. g3 Nc5 23. Rb1 Be5 24. Kd2 1/2-1/2

[Event "Bayern-chTT (LL Sued)"]
[Site "Bayern 2008/09"]
[Date "2009.03.29"]
[Round "9.3"]
[White "Wurzel, Andre"]
[Black "Pitschka, Claus"]
[Result "1-0"]
[WhiteElo "2211"]
[BlackElo "2252"]
[PlyCount "47"]
[EventDate "2009.03.??"]
[EventType "team-tourn"]
[EventRounds "9"]
[WhiteTeam "Ingolstadt 1"]
[BlackTeam "Garching 1"]

1. Nf3 d5 2. d4 Nf6 3. c4 c6 4. e3 e6 5. b3 c5 6. Bd3 cxd4 7. exd4 Bb4+ 8. Bd2
Bxd2+ 9. Qxd2 dxc4 10. bxc4 O-O 11. O-O b6 12. Nc3 Bb7 13. Qf4 Nbd7 14. Rfd1
Qe7 15. Rac1 Rfd8 16. d5 exd5 17. cxd5 Nxd5 18. Nxd5 Bxd5 19. Bxh7+ Kxh7 20.
Rxd5 Nf6 21. Qh4+ Kg8 22. Rh5 Kf8 23. Rh8+ Ng8 24. Rxg8+ 1-0

[Event "Bayern-chTT (LL Sued)"]
[Site "Bayern 2008/09"]
[Date "2009.03.29"]
[Round "9.4"]
[White "Schleich, Markus"]
[Black "Holl, Andreas(57)"]
[Result "1-0"]
[WhiteElo "2203"]
[BlackElo "2147"]
[PlyCount "59"]
[EventDate "2009.03.??"]
[EventType "team-tourn"]
[EventRounds "9"]
[WhiteTeam "Garching 1"]
[BlackTeam "Ingolstadt 1"]

1. e4 c5 2. c3 d5 3. exd5 Qxd5 4. d4 Nf6 5. Nf3 Bg4 6. dxc5 Qxc5 7. Be3 Qc7 8.
Na3 a6 9. h3 Bh5 10. Qa4+ Nfd7 11. Nb5 Qc6 12. Ne5 Qc8 13. Nxd7 Nxd7 14. Qh4
Bg6 15. Nd4 e5 16. Nf3 Be7 17. Qc4 O-O 18. Rd1 Rd8 19. Rd5 b5 20. Qxc8 Raxc8
21. Nxe5 Nxe5 22. Rxe5 Bf6 23. Rc5 b4 24. cxb4 Bxb2 25. Rxc8 Rxc8 26. Bxa6 Bc3+
27. Ke2 Ra8 28. b5 Be4 29. Rc1 Be5 30. Rc8+ 1-0

[Event "Bayern-chTT (LL Sued)"]
[Site "Bayern 2008/09"]
[Date "2009.03.29"]
[Round "9.5"]
[White "Michaelis, Lothar"]
[Black "Schoellmann, Jochen"]
[Result "1/2-1/2"]
[WhiteElo "2130"]
[BlackElo "2191"]
[PlyCount "85"]
[EventDate "2009.03.??"]
[EventType "team-tourn"]
[EventRounds "9"]
[WhiteTeam "Ingolstadt 1"]
[BlackTeam "Garching 1"]

1. e4 e5 2. Nf3 Nc6 3. Bb5 Nf6 4. O-O Nxe4 5. Re1 Nd6 6. Nxe5 Nxe5 7. Rxe5+ Be7
8. Bf1 O-O 9. d4 Bf6 10. Re1 Nf5 11. c3 d5 12. Bf4 Nd6 13. Qf3 Be6 14. Bd3 Qd7
15. Nd2 c6 16. Be5 Bxe5 17. dxe5 Nf5 18. Qf4 Ne7 19. Nb3 b6 20. Rad1 Bf5 21.
Nd4 Bxd3 22. Rxd3 c5 23. Nf3 Rad8 24. Red1 h6 25. h3 Rfe8 26. h4 Ng6 27. Qg3
Qe6 28. Re1 Qf5 29. Rde3 d4 30. cxd4 cxd4 31. Re4 d3 32. Nd4 Qh5 33. Qxd3 Rxe5
34. Rxe5 Nxe5 35. Qe4 Qg4 36. Qxe5 Qxd4 37. Qxd4 Rxd4 38. Re8+ Kh7 39. Re7 a5
40. Rb7 Rb4 41. b3 Kg6 42. Kf1 b5 43. g3 1/2-1/2

[Event "Bayern-chTT (LL Sued)"]
[Site "Bayern 2008/09"]
[Date "2009.03.29"]
[Round "9.6"]
[White "Wiegner, Denis"]
[Black "Spiess, Martin"]
[Result "1/2-1/2"]
[WhiteElo "2188"]
[BlackElo "2103"]
[PlyCount "88"]
[EventDate "2009.03.??"]
[EventType "team-tourn"]
[EventRounds "9"]
[WhiteTeam "Garching 1"]
[BlackTeam "Ingolstadt 1"]

1. e4 c5 2. Nf3 d6 3. d4 cxd4 4. Nxd4 Nf6 5. Nc3 a6 6. h3 e5 7. Nde2 Be7 8. g4
Be6 9. Bg2 O-O 10. O-O Nbd7 11. Ng3 Rc8 12. Nf5 Bxf5 13. exf5 b5 14. g5 Ne8 15.
Qg4 Kh8 16. Nd5 Nc7 17. Nb4 d5 18. Nxd5 Nxd5 19. Bxd5 Rxc2 20. Be4 Rc4 21. b3
Rxe4 22. Qxe4 Bxg5 23. Bxg5 Qxg5+ 24. Kh1 Re8 25. Rg1 Qh6 26. Rg3 Nf6 27. Qe3
Qh4 28. Qg5 Qxg5 29. Rxg5 Ne4 30. Rg2 Nd6 31. Rc1 Nxf5 32. Rc6 Ra8 33. Rg4 g6
34. Re4 Nd4 35. Rd6 Nf3 36. Rf6 Ng5 37. Rxe5 Kg7 38. Rf4 Ne6 39. Rb4 Rd8 40. a4
Rd1+ 41. Kh2 Nd4 42. Rc5 a5 43. Rbxb5 Nxb5 44. Rxb5 Rd3 1/2-1/2

[Event "Bayern-chTT (LL Sued)"]
[Site "Bayern 2008/09"]
[Date "2009.03.29"]
[Round "9.8"]
[White "Schlinkmeier, Karsten"]
[Black "Duraku, Emin"]
[Result "1-0"]
[WhiteElo "2115"]
[BlackElo "1958"]
[PlyCount "79"]
[EventDate "2009.03.??"]
[EventType "team-tourn"]
[EventRounds "9"]
[WhiteTeam "Garching 1"]
[BlackTeam "Ingolstadt 1"]

1. b3 Nf6 2. Bb2 g6 3. Bxf6 exf6 4. c4 Bg7 5. Nc3 f5 6. g3 O-O 7. e3 d6 8. Bg2
Re8 9. Nge2 Nd7 10. O-O Nf6 11. d3 h5 12. b4 a6 13. a4 h4 14. Qc2 hxg3 15. hxg3
Ng4 16. b5 a5 17. Rab1 Rb8 18. Nd5 Bd7 19. b6 c6 20. Nc7 Qg5 21. Nxe8 Qh5 22.
Rfe1 Rxe8 23. Nd4 f4 24. gxf4 Qh2+ 25. Kf1 Rxe3 26. Rxe3 Bxd4 27. Rf3 Qh4 28.
Rh3 Nh2+ 29. Rxh2 Qxh2 30. Re1 Qxf4 31. Re7 Bf5 32. Be4 Bh3+ 33. Ke1 Bxb6 34.
Re8+ Kh7 35. Qb2 Bxf2+ 36. Qxf2 Qc1+ 37. Ke2 Bg4+ 38. Bf3 Qc2+ 39. Kf1 Bh3+ 40.
Kg1 1-0

[Event "Bayern-chTT (LL Sued)"]
[Site "Bayern 2008/09"]
[Date "2009.03.29"]
[Round "9.1"]
[White "Safyanowsky, Mark"]
[Black "Lickleder, Andreas"]
[Result "1/2-1/2"]
[WhiteElo "2214"]
[BlackElo "2195"]
[PlyCount "35"]
[EventDate "2009.03.??"]
[EventType "team-tourn"]
[EventRounds "9"]
[WhiteTeam "Dillingen 1"]
[BlackTeam "München-Bayern 3"]

1. Nf3 c5 2. c4 Nf6 3. Nc3 e6 4. g3 b6 5. Bg2 Bb7 6. O-O Be7 7. d4 cxd4 8. Qxd4
d6 9. Bg5 a6 10. Rfd1 Nbd7 11. Qd2 O-O 12. Bf4 Ne8 13. Rac1 Qc7 14. b3 Rd8 15.
Ne1 Bxg2 16. Nxg2 Qb7 17. Qd3 Nc5 18. Qf3 1/2-1/2

[Event "Bayern-chTT (LL Sued)"]
[Site "Bayern 2008/09"]
[Date "2009.03.29"]
[Round "9.3"]
[White "Billing, Christian"]
[Black "Rajic, Ivica"]
[Result "0-1"]
[WhiteElo "2170"]
[BlackElo "2090"]
[PlyCount "72"]
[EventDate "2009.03.??"]
[EventType "team-tourn"]
[EventRounds "9"]
[WhiteTeam "Dillingen 1"]
[BlackTeam "München-Bayern 3"]

1. e4 d6 2. d4 Nf6 3. Nc3 Nbd7 4. Nf3 e5 5. Bc4 h6 6. O-O c6 7. dxe5 dxe5 8.
Qe2 Qc7 9. a4 a5 10. Nh4 g5 11. Nf5 Nc5 12. Rd1 Bxf5 13. exf5 Bd6 14. Be3 O-O-O
15. Rdb1 e4 16. b4 Bxh2+ 17. Kh1 Be5 18. Bxc5 Bxc3 19. Ra3 Rd2 20. Rxc3 Rxe2
21. Bxe2 Qe5 22. Rc4 Rd8 23. bxa5 Rd2 24. a6 bxa6 25. Bf1 Ng4 26. g3 Nxf2+ 27.
Bxf2 Rxf2 28. Rxc6+ Kd7 29. Rxh6 Qxg3 30. Rb7+ Kc8 31. Rb1 e3 32. Bxa6+ Kd8 33.
Rh8+ Ke7 34. Rb7+ Kf6 35. Rh6+ Kg7 36. Rg6+ Kf8 0-1

[Event "Bayern-chTT (LL Sued)"]
[Site "Bayern 2008/09"]
[Date "2009.03.29"]
[Round "9.4"]
[White "Kunze, Holger"]
[Black "Baeuml, Ulrich"]
[Result "1-0"]
[WhiteElo "2083"]
[BlackElo "2049"]
[PlyCount "87"]
[EventDate "2009.03.??"]
[EventType "team-tourn"]
[EventRounds "9"]
[WhiteTeam "München-Bayern 3"]
[BlackTeam "Dillingen 1"]

1. d4 e6 2. Nf3 Nf6 3. c4 b6 4. g3 Bb7 5. Bg2 Be7 6. O-O O-O 7. Re1 d5 8. Ne5
Nbd7 9. Nc3 Qc8 10. Bf4 c5 11. cxd5 exd5 12. dxc5 Bxc5 13. e3 Bb4 14. Rc1 Qe8
15. Nxd7 Qxd7 16. Be5 Qe6 17. Bd4 Rfd8 18. Re2 Rac8 19. Rec2 Ne4 20. Ne2 Bd6
21. Bc3 Nxc3 22. Rxc3 Rxc3 23. Rxc3 Be5 24. Rc2 Qd7 25. Rd2 h6 26. a3 g6 27. b4
Bc6 28. Nd4 Ba4 29. Qb1 Bf6 30. h4 h5 31. Kh2 Bxd4 32. Rxd4 Bc6 33. Qd3 Qe7 34.
e4 Bb7 35. exd5 Rd6 36. f4 Qf6 37. Qe3 Kg7 38. Rd2 Rd7 39. Bf3 Qd6 40. f5 Re7
41. Qd4+ Kh7 42. Be4 Bc8 43. fxg6+ fxg6 44. Rf2 1-0

[Event "Bayern-chTT (LL Sued)"]
[Site "Bayern 2008/09"]
[Date "2009.03.29"]
[Round "9.5"]
[White "Lederle, Vitus"]
[Black "Enigl, Karl"]
[Result "1-0"]
[WhiteElo "2066"]
[BlackElo "2089"]
[PlyCount "85"]
[EventDate "2009.03.??"]
[EventType "team-tourn"]
[EventRounds "9"]
[WhiteTeam "Dillingen 1"]
[BlackTeam "München-Bayern 3"]

1. e4 c6 2. Nc3 d5 3. Nf3 Bg4 4. h3 Bh5 5. exd5 cxd5 6. Bb5+ Nc6 7. g4 Bg6 8.
Ne5 Rc8 9. h4 f6 10. Nxg6 hxg6 11. d4 e6 12. Qe2 Kf7 13. Bxc6 Rxc6 14. Bd2 Bb4
15. O-O-O Ne7 16. a3 Bxc3 17. Bxc3 Nc8 18. Rde1 Qd7 19. h5 gxh5 20. gxh5 Nd6
21. Qg4 Nf5 22. Qg6+ Kf8 23. Bb4+ Kg8 24. Reg1 Qf7 25. Qg4 Rc4 26. Rd1 b6 27.
b3 Rc6 28. Kb1 a5 29. Bd2 Kf8 30. a4 Qc7 31. Bf4 Qf7 32. Bd2 Qc7 33. Rc1 Qe7
34. Rcg1 Qc7 35. h6 g5 36. f4 Rxc2 37. Rc1 Rxc1+ 38. Rxc1 Qd7 39. fxg5 fxg5 40.
Qxg5 Rh7 41. Qf6+ Rf7 42. Qh8+ Ke7 43. Bg5+ 1-0

[Event "Bayern-chTT (LL Sued)"]
[Site "Bayern 2008/09"]
[Date "2009.03.29"]
[Round "9.6"]
[White "Schuetz, Guenter(54)"]
[Black "Nuber, Blasius"]
[Result "0-1"]
[WhiteElo "2174"]
[BlackElo "2094"]
[PlyCount "76"]
[EventDate "2009.03.??"]
[EventType "team-tourn"]
[EventRounds "9"]
[WhiteTeam "München-Bayern 3"]
[BlackTeam "Dillingen 1"]

1. f4 d5 2. Nf3 c5 3. g3 Nc6 4. Bg2 Nf6 5. O-O g6 6. d3 Bg7 7. Qe1 O-O 8. Na3
Re8 9. c3 Qc7 10. e4 dxe4 11. dxe4 b6 12. e5 Nd5 13. Ng5 Qd7 14. Qe2 h6 15.
Bxd5 Qxd5 16. Rd1 Nd4 17. cxd4 hxg5 18. dxc5 Qxc5+ 19. Be3 Ba6 20. Bxc5 Bxe2
21. Rd2 Bg4 22. Be3 gxf4 23. gxf4 Rac8 24. Nb5 a6 25. Nc3 Rc4 26. Kf2 g5 27.
Rg1 gxf4 28. Bxb6 Be6 29. Rd4 Rb8 30. Rd8+ Rxd8 31. Bxd8 Kh7 32. Bxe7 Bxe5 33.
Rg5 f6 34. Rh5+ Kg6 35. Rh8 Bg4 36. h3 Bd4+ 37. Kf1 Bf5 38. Ke2 Bxc3 0-1

[Event "Bayern-chTT (LL Sued)"]
[Site "Bayern 2008/09"]
[Date "2009.03.29"]
[Round "9.7"]
[White "Giss, Arthur"]
[Black "Schulz, Michael(58)"]
[Result "1-0"]
[WhiteElo "2011"]
[BlackElo "2172"]
[PlyCount "63"]
[EventDate "2009.03.??"]
[EventType "team-tourn"]
[EventRounds "9"]
[WhiteTeam "Dillingen 1"]
[BlackTeam "München-Bayern 3"]

1. e4 e6 2. d4 d5 3. Nd2 Nf6 4. e5 Nfd7 5. Bd3 c5 6. c3 Nc6 7. Ne2 cxd4 8. cxd4
Nb6 9. O-O Be7 10. Kh1 a5 11. f4 O-O 12. Nf3 f6 13. Ng3 Bd7 14. Nh5 f5 15. g4
Be8 16. h3 Bxh5 17. gxh5 Qe8 18. Ng5 Bxg5 19. fxg5 Nxd4 20. Be3 Nc6 21. Bxb6
Nxe5 22. Be2 f4 23. Qd4 Nc6 24. Qd2 Qf7 25. Bc5 Qf5 26. Bg4 Qe4+ 27. Qg2 f3 28.
Bxf3 Qc4 29. Bxf8 Rxf8 30. Bg4 Re8 31. Qf3 Ne5 32. Bxe6+ 1-0

[Event "Bayern-chTT (LL Sued)"]
[Site "Bayern 2008/09"]
[Date "2009.03.29"]
[Round "9.8"]
[White "Loos, Stephan(66)"]
[Black "Darr, Thomas"]
[Result "1/2-1/2"]
[WhiteElo "2005"]
[BlackElo "1966"]
[PlyCount "88"]
[EventDate "2009.03.??"]
[EventType "team-tourn"]
[EventRounds "9"]
[WhiteTeam "München-Bayern 3"]
[BlackTeam "Dillingen 1"]

1. d4 Nf6 2. c4 g6 3. Nc3 Bg7 4. e4 d6 5. f4 O-O 6. Nf3 c5 7. d5 Na6 8. Be2 Nc7
9. a4 Rb8 10. O-O Bd7 11. e5 Nfe8 12. Re1 Na6 13. Nb5 Ra8 14. Qb3 Nb4 15. Bd2
a6 16. Na3 a5 17. Nc2 Bf5 18. Ne3 Bd7 19. Bc3 Nc7 20. Ng5 Ne8 21. Rf1 h6 22.
Ne4 Qc7 23. exd6 Nxd6 24. Bxg7 Kxg7 25. Ng3 Rae8 26. f5 Kh7 27. Bd3 Nxd3 28.
Qxd3 Kg7 29. Rf3 Nc8 30. Raf1 Qe5 31. Kh1 Qd4 32. Qc2 Nd6 33. fxg6 fxg6 34.
Nh5+ gxh5 35. Rg3+ Bg4 36. h3 Rxf1+ 37. Nxf1 Ne4 38. hxg4 Nxg3+ 39. Nxg3 Qxg4
40. Nf5+ Kf6 41. Nxh6 Qh4+ 42. Kg1 Qe1+ 43. Kh2 Qe5+ 44. Kh1 Qe1+ 1/2-1/2

[Event "Bayern-chTT (LL Sued)"]
[Site "Bayern 2008/09"]
[Date "2009.03.29"]
[Round "9.2"]
[White "Grimberg, Boris"]
[Black "Bensch, Patrick"]
[Result "1-0"]
[WhiteElo "2323"]
[BlackElo "2181"]
[PlyCount "71"]
[EventDate "2009.03.??"]
[EventType "team-tourn"]
[EventRounds "9"]
[WhiteTeam "Haunstetten 1"]
[BlackTeam "Rottal 1"]

1. e4 c5 2. Nf3 Nc6 3. d4 cxd4 4. Nxd4 Nf6 5. Nc3 e5 6. Ndb5 d6 7. Bg5 a6 8.
Na3 b5 9. Nd5 Be7 10. Bxf6 Bxf6 11. c4 b4 12. Nc2 a5 13. Be2 O-O 14. Bg4 Be6
15. O-O Bg5 16. g3 Rb8 17. f4 exf4 18. gxf4 Bf6 19. Rb1 b3 20. axb3 Rxb3 21.
Na3 Bxd5 22. cxd5 Qb6+ 23. Kh1 Nd4 24. Nc4 Qb4 25. Rc1 Nb5 26. e5 Be7 27. Nxa5
Rxb2 28. Nc6 Qe4+ 29. Bf3 Qxf4 30. Nxe7+ Kh8 31. Rc2 Rxc2 32. Qxc2 Qxe5 33. Nc6
Qe3 34. Bg2 Nc3 35. Qc1 Qd3 36. Qa3 1-0

[Event "Bayern-chTT (LL Sued)"]
[Site "Bayern 2008/09"]
[Date "2009.03.29"]
[Round "9.3"]
[White "Heiduczek, Josef"]
[Black "Wolf, Armin(61)"]
[Result "0-1"]
[WhiteElo "2186"]
[BlackElo "2129"]
[PlyCount "58"]
[EventDate "2009.03.??"]
[EventType "team-tourn"]
[EventRounds "9"]
[WhiteTeam "Rottal 1"]
[BlackTeam "Haunstetten 1"]

1. e4 g6 2. d4 Bg7 3. Nc3 d6 4. Be3 a6 5. f4 b5 6. Nf3 Bb7 7. Bd3 Nf6 8. Nd2
Nbd7 9. Qf3 c5 10. dxc5 Nxc5 11. O-O-O O-O 12. Kb1 Qc7 13. Nb3 Na4 14. Nxa4
bxa4 15. Nd2 a3 16. Bd4 Rab8 17. Qe3 Ng4 18. Qg1 Bxd4 19. Qxd4 axb2 20. h3 e5
21. Qg1 Nf6 22. fxe5 dxe5 23. g4 Bc8 24. Bc4 Nxe4 25. Nxe4 Qxc4 26. Nf6+ Kg7
27. Nh5+ Kh8 28. Qf2 f5 29. gxf5 Be6 0-1

[Event "Bayern-chTT (LL Sued)"]
[Site "Bayern 2008/09"]
[Date "2009.03.29"]
[Round "9.4"]
[White "Tyomkyn, Mikhail"]
[Black "Schwarzmeier, Klaus"]
[Result "1/2-1/2"]
[WhiteElo "2107"]
[BlackElo "2149"]
[PlyCount "32"]
[EventDate "2009.03.??"]
[EventType "team-tourn"]
[EventRounds "9"]
[WhiteTeam "Haunstetten 1"]
[BlackTeam "Rottal 1"]

1. e4 d5 2. exd5 Qxd5 3. Nc3 Qa5 4. d4 c6 5. Nf3 Nf6 6. Bc4 Bf5 7. Bd2 e6 8.
Qe2 Bb4 9. O-O-O Nbd7 10. a3 Bxc3 11. Bxc3 Qc7 12. Ne5 Nxe5 13. dxe5 Nd5 14.
Bxd5 cxd5 15. Bb4 O-O-O 16. Kb1 b6 1/2-1/2

[Event "Bayern-chTT (LL Sued)"]
[Site "Bayern 2008/09"]
[Date "2009.03.29"]
[Round "9.6"]
[White "Fehmer, Dirk"]
[Black "Hartl, Rainer"]
[Result "1-0"]
[WhiteElo "2021"]
[BlackElo "2004"]
[PlyCount "65"]
[EventDate "2009.03.??"]
[EventType "team-tourn"]
[EventRounds "9"]
[WhiteTeam "Haunstetten 1"]
[BlackTeam "Rottal 1"]

1. d4 Nf6 2. c4 e6 3. g3 Bb4+ 4. Bd2 Qe7 5. Bg2 Bxd2+ 6. Qxd2 c5 7. Nc3 a6 8.
Nf3 cxd4 9. Nxd4 Nc6 10. O-O Qc5 11. Nxc6 bxc6 12. Na4 Qe7 13. c5 O-O 14. Rfd1
Rb8 15. Rac1 h6 16. e4 e5 17. Nb6 Qe6 18. b4 Rd8 19. a4 d6 20. Nxc8 Qxc8 21.
cxd6 Rd7 22. Qc3 Qb7 23. Rb1 Re8 24. f3 Nh7 25. Bh3 Rdd8 26. d7 Qb6+ 27. Qc5
Qxc5+ 28. bxc5 Re7 29. Rb7 g6 30. Rc7 Ng5 31. Rc8 Nxh3+ 32. Kg2 Rexd7 33. Rxd8+
1-0

[Event "Bayern-chTT (LL Sued)"]
[Site "Bayern 2008/09"]
[Date "2009.03.29"]
[Round "9.7"]
[White "Siemens, Andreas"]
[Black "Rubke, Manfred"]
[Result "0-1"]
[WhiteElo "1938"]
[BlackElo "2107"]
[PlyCount "128"]
[EventDate "2009.03.??"]
[EventType "team-tourn"]
[EventRounds "9"]
[WhiteTeam "Rottal 1"]
[BlackTeam "Haunstetten 1"]

1. Nf3 Nf6 2. c4 b6 3. g3 Bb7 4. Bg2 e6 5. O-O Be7 6. Nc3 O-O 7. b3 d6 8. Bb2
Nbd7 9. Qc2 Rb8 10. d4 d5 11. Rac1 dxc4 12. bxc4 c5 13. e3 Qc8 14. Qb3 cxd4 15.
exd4 Rd8 16. Rfd1 Ne4 17. Nxe4 Bxe4 18. Qe3 Bxf3 19. Bxf3 Bf6 20. Be4 Qa6 21.
Bb1 Rbc8 22. h4 Qa5 23. Bc3 Qh5 24. Bd3 g5 25. hxg5 Qxg5 26. f4 Qg7 27. Kg2 Nf8
28. Be2 Ng6 29. Kf3 Ne7 30. g4 Nc6 31. d5 exd5 32. Bxf6 Qxf6 33. Kg3 d4 34. Qf2
Re8 35. Rd3 Re4 36. Rf3 Rce8 37. Bd3 Re3 38. Bf5 Rxf3+ 39. Kxf3 Re3+ 40. Kg2
Qe7 41. Rc2 d3 42. Rd2 Nd4 43. Bxd3 Qb7+ 44. Kh2 Nf3+ 45. Kg3 Qe7 46. Qxf3
Rxf3+ 47. Kxf3 h6 48. Be4 a5 49. Bf5 Qc7 50. Rc2 Qc6+ 51. Ke3 Kf8 52. Bd3 Qh1
53. Bf5 Ke7 54. Be4 Qg1+ 55. Kf3 Qd1+ 56. Kg3 Kd6 57. Bf5 Qe1+ 58. Kf3 Kc5 59.
g5 hxg5 60. fxg5 Qh4 61. Rg2 Qh5+ 62. Rg4 Qh3+ 63. Ke4 Qh1+ 64. Ke5 Qa1+ 0-1

[Event "Bayern-chTT (LL Sued)"]
[Site "Bayern 2008/09"]
[Date "2009.03.29"]
[Round "9.8"]
[White "Weichlein, Paul"]
[Black "Zankl, Thomas"]
[Result "0-1"]
[WhiteElo "1857"]
[BlackElo "1860"]
[PlyCount "48"]
[EventDate "2009.03.??"]
[EventType "team-tourn"]
[EventRounds "9"]
[WhiteTeam "Haunstetten 1"]
[BlackTeam "Rottal 1"]

1. d4 Nf6 2. Nf3 g6 3. Nbd2 d5 4. e3 Bg7 5. Bd3 b6 6. Ne5 Bb7 7. c3 O-O 8. O-O
Nbd7 9. f4 Ne4 10. Qf3 f5 11. c4 e6 12. b4 Nxe5 13. fxe5 dxc4 14. Bxc4 Nxd2 15.
Bxe6+ Kh8 16. Qxb7 Nxf1 17. Kxf1 Qe7 18. Qc6 Qxb4 19. a3 Qe7 20. a4 Qh4 21.
Qxc7 f4 22. e4 f3 23. g3 Qxh2 24. Ra2 f2 0-1

[Event "Bayern-chTT (LL Sued)"]
[Site "Bayern 2008/09"]
[Date "2009.03.29"]
[Round "9.2"]
[White "Pezerovic, Edin"]
[Black "Krulich, Roman"]
[Result "1-0"]
[WhiteElo "2432"]
[BlackElo "2201"]
[PlyCount "79"]
[EventDate "2009.03.??"]
[EventType "team-tourn"]
[EventRounds "9"]
[WhiteTeam "Tegernsee 2"]
[BlackTeam "Zugzwang-82 /1"]

1. d4 d5 2. Nf3 Nf6 3. c4 c6 4. Nc3 a6 5. e3 b5 6. b3 Bg4 7. Be2 e6 8. O-O Bd6
9. Bb2 O-O 10. Qc2 Bf5 11. Bd3 Bxd3 12. Qxd3 b4 13. Na4 Nbd7 14. Ne5 Bxe5 15.
dxe5 Ng4 16. cxd5 cxd5 17. Qd4 Qg5 18. h3 Nh6 19. Qxb4 Nf5 20. Rac1 f6 21. Qg4
Qh6 22. e4 dxe4 23. Qxe4 fxe5 24. Bxe5 Nxe5 25. Qxe5 Rf6 26. Nb6 Re8 27. Rc4
Nh4 28. Rg4 Rf5 29. Qe4 Ng6 30. Nc4 Rf6 31. Ne5 Nf4 32. Nd3 Nd5 33. Nc5 Qd2 34.
Qa4 Ref8 35. Ne4 Qe2 36. Nxf6+ Rxf6 37. Re4 Qh5 38. Qxa6 Nf4 39. Rxf4 Rxf4 40.
Qxe6+ 1-0

[Event "Bayern-chTT (LL Sued)"]
[Site "Bayern 2008/09"]
[Date "2009.03.29"]
[Round "9.3"]
[White "Krklec, Daniel"]
[Black "Taeger, Winfried"]
[Result "0-1"]
[WhiteElo "2129"]
[BlackElo "2232"]
[PlyCount "114"]
[EventDate "2009.03.??"]
[EventType "team-tourn"]
[EventRounds "9"]
[WhiteTeam "Zugzwang-82 /1"]
[BlackTeam "Tegernsee 2"]

1. e4 Nc6 2. d4 d5 3. e5 Bf5 4. Ne2 e6 5. Nf4 h5 6. c3 h4 7. Nd2 Nge7 8. Be2
Qd7 9. Nd3 Ng6 10. O-O Be7 11. b4 a5 12. b5 Na7 13. a4 Nc8 14. Nb3 Nb6 15. Ndc5
Qc8 16. Bg4 Bxg4 17. Qxg4 Nc4 18. f4 O-O 19. Ra2 b6 20. Nd3 c6 21. f5 exf5 22.
Rxf5 cxb5 23. axb5 a4 24. Na1 Qe6 25. Nc2 Ra5 26. Ncb4 a3 27. g3 Rxb5 28. Rg2
Bxb4 29. Nxb4 Ne7 30. Rg5 Qxg4 31. Rxg4 h3 32. Ra2 Rc8 33. Rf4 Nc6 34. Nc2 Rb3
35. Rf1 Rxc3 36. Nxa3 Ra8 37. Nb5 Rxg3+ 38. hxg3 Rxa2 39. Rd1 Ra1 40. Kh2 Nb4
41. Rg1 Nd3 42. Bg5 Rxg1 43. Kxg1 Kh7 44. Kh2 Kg6 45. Bd8 Kf5 46. Nc3 Ke6 47.
Bc7 Kd7 48. Nxd5 Kc6 49. Nxb6 Nxb6 50. Bd8 Nc4 51. Kxh3 Kd5 52. Kg4 Nb4 53. Bf6
gxf6 54. Kf5 fxe5 55. dxe5 Nxe5 56. Kf6 Ke4 57. g4 Nd5+ 0-1

[Event "Bayern-chTT (LL Sued)"]
[Site "Bayern 2008/09"]
[Date "2009.03.29"]
[Round "9.4"]
[White "Gnegel, Boris-Igor"]
[Black "Bonacci, Mauro"]
[Result "0-1"]
[WhiteElo "2043"]
[BlackElo "2127"]
[PlyCount "72"]
[EventDate "2009.03.??"]
[EventType "team-tourn"]
[EventRounds "9"]
[WhiteTeam "Tegernsee 2"]
[BlackTeam "Zugzwang-82 /1"]

1. e4 c5 2. d4 cxd4 3. c3 dxc3 4. Nxc3 d6 5. Bc4 e6 6. Nf3 a6 7. O-O b5 8. Bb3
Bb7 9. a3 Nd7 10. Qe2 Be7 11. Rd1 Ngf6 12. Ba2 O-O 13. h3 Rc8 14. Bf4 Rxc3 15.
bxc3 Nxe4 16. Rac1 d5 17. a4 Qa5 18. axb5 Bc5 19. Be3 Bxe3 20. fxe3 axb5 21. c4
bxc4 22. Bxc4 Ndc5 23. Bd3 Ng3 24. Qe1 Qxe1+ 25. Nxe1 Nxd3 26. Nxd3 Ne2+ 27.
Kf2 Nxc1 28. Nc5 Na2 29. Nxb7 Nc3 30. Rc1 Ne4+ 31. Ke2 h5 32. Rc7 Ra8 33. Rd7
Ra2+ 34. Kf1 Ng3+ 35. Ke1 Re2+ 36. Kd1 Rxg2 0-1

[Event "Bayern-chTT (LL Sued)"]
[Site "Bayern 2008/09"]
[Date "2009.03.29"]
[Round "9.5"]
[White "Beckers, Thomas"]
[Black "Lettl, Gerhard"]
[Result "1/2-1/2"]
[WhiteElo "2000"]
[BlackElo "2020"]
[PlyCount "86"]
[EventDate "2009.03.??"]
[EventType "team-tourn"]
[EventRounds "9"]
[WhiteTeam "Zugzwang-82 /1"]
[BlackTeam "Tegernsee 2"]

1. d4 d5 2. Nf3 Nf6 3. c4 c6 4. Nc3 e6 5. e3 Nbd7 6. Bd3 dxc4 7. Bxc4 b5 8. Bd3
a6 9. e4 c5 10. d5 e5 11. Bc2 Bd6 12. O-O O-O 13. b3 Nb6 14. Nd2 g6 15. a4 b4
16. Ne2 a5 17. Bd3 Nh5 18. Nc4 Nxc4 19. Bxc4 Qh4 20. f3 f5 21. Be3 f4 22. Bf2
Qe7 23. Kh1 Kh8 24. Ra2 g5 25. Ng1 Rg8 26. g4 fxg3 27. Bxg3 Bd7 28. Rg2 Raf8
29. Qe1 Rg6 30. h3 Rh6 31. Bh2 Nf4 32. Bxf4 gxf4 33. Rh2 Rg8 34. Rff2 Rg3 35.
Qf1 Qh4 36. Rfg2 Bxh3 37. Nxh3 Rxh3 38. Qg1 Rg6 39. Rxg6 hxg6 40. Bf1 Rxh2+ 41.
Qxh2 Qxh2+ 42. Kxh2 Kg7 43. Kh3 Kf6 1/2-1/2

[Event "Bayern-chTT (LL Sued)"]
[Site "Bayern 2008/09"]
[Date "2009.03.29"]
[Round "9.7"]
[White "Brychcy, Felix"]
[Black "Billenkamp, Thomas"]
[Result "1-0"]
[WhiteElo "2070"]
[BlackElo "1971"]
[PlyCount "71"]
[EventDate "2009.03.??"]
[EventType "team-tourn"]
[EventRounds "9"]
[WhiteTeam "Zugzwang-82 /1"]
[BlackTeam "Tegernsee 2"]

1. e4 c5 2. Nf3 e6 3. d4 cxd4 4. Nxd4 Nf6 5. Nc3 Nc6 6. Ndb5 d6 7. Bf4 e5 8.
Bg5 a6 9. Na3 b5 10. Nd5 Be7 11. Bxf6 Bxf6 12. c3 Bg5 13. Nc2 O-O 14. a4 bxa4
15. Rxa4 Ne7 16. Bc4 a5 17. h4 Bh6 18. Nce3 Bd7 19. Ra2 Kh8 20. Nxe7 Qxe7 21.
Nd5 Qd8 22. g4 Bf4 23. Nxf4 exf4 24. f3 Qe7 25. Bd5 Rab8 26. Qd2 f5 27. gxf5
Rxf5 28. Rxa5 h6 29. Kd1 Rff8 30. Kc1 Rb6 31. Rh2 Qf6 32. h5 Rc8 33. Qf2 Rxc3+
34. Kb1 Re3 35. Ra8+ Kh7 36. Bg8+ 1-0

[Event "Bayern-chTT (LL Sued)"]
[Site "Bayern 2008/09"]
[Date "2009.03.29"]
[Round "9.8"]
[White "Leckner, Thomas Dr"]
[Black "Callenberg, Ralf"]
[Result "0-1"]
[WhiteElo "1759"]
[BlackElo "1996"]
[PlyCount "58"]
[EventDate "2009.03.??"]
[EventType "team-tourn"]
[EventRounds "9"]
[WhiteTeam "Tegernsee 2"]
[BlackTeam "Zugzwang-82 /1"]

1. d4 Nf6 2. Nc3 d5 3. Bg5 g6 4. Nf3 Bg7 5. Bxf6 exf6 6. e3 O-O 7. Bd3 c6 8.
O-O Nd7 9. Ne2 Re8 10. c3 Nf8 11. Ng3 f5 12. Qc2 Qd6 13. Rfe1 Ne6 14. Rad1 Bd7
15. h4 f4 16. exf4 Qxf4 17. h5 Ng5 18. Rxe8+ Rxe8 19. Nxg5 Qxg5 20. hxg6 hxg6
21. Qd2 Qh4 22. Re1 Be6 23. Qd1 Bh6 24. Nh1 Kg7 25. g3 Qf6 26. f4 Bg4 27. Be2
Qe6 28. Kf1 Bh3+ 29. Kf2 Qe3# 0-1